[Event "Asuncion Avanza Cup"]
[Site "Asuncion"]
[Date "2018.12.09"]
[Round "7"]
[White "Gonzalez Galeano, Victor Rodolfo"]
[Black "Ayala Ruiz, Miguel Angel"]
[Result "1-0"]
[WhiteElo "1739"]
[BlackElo "1376"]
[PlyCount "83"]
[EventDate "2018.12.07"]
[EventType "swiss"]
[EventRounds "7"]
[EventCountry "PAR"]
[SourceTitle "CBM 187 Extra"]
[Source "ChessBase"]
[SourceDate "2018.11.04"]
[SourceVersion "1"]
[SourceVersionDate "2018.11.04"]
[SourceQuality "1"]

1. c4 c5 2. Nc3 Nc6 3. g3 g6 4. Bg2 Bg7 5. e3 a6 6. Nge2 Rb8 7. d4 b6 8. Ne4 Nf6 9. Ng5 h6 10. Nf3 0-0 11. 0-0 d5 12. cxd5 Nxd5 13. e4 Nf6 14. d5 Na5 15. Qc2 e6 16. Bf4 Rb7 17. d6 Nc6 18. h4 Nh5 19. e5 Nxf4 20. gxf4 Nb4 21. Qd2 Nd5 22. Nc3 Nb4 23. a3 Nc6 24. Rad1 f6 25. Rfe1 Ra7 26. Qc2 f5 27. Ne2 Bb7 28. Qc4 Qd7 29. b4 cxb4 30. axb4 Rc8 31. Qb3 a5 32. Ned4 Kf7 33. bxa5 bxa5 34. Qa4 Nb8 35. Qa3 Nc6 36. Rb1 Nb4 37. Rxb4 axb4 38. Qxa7 Ra8 39. Qb6 Rc8 40. Qxb4 Bd5 41. Nd2 Bxg2 42. Kxg2 1-0

[Event "Asuncion Bobby Fischer U2000"]
[Site "Asuncion"]
[Date "2018.02.18"]
[Round "6.5"]
[White "Gonzalez Galeano, Victor Rodolfo"]
[Black "Melian, Juan Sebastian"]
[Result "1-0"]
[WhiteElo "1729"]
[BlackElo "1657"]
[PlyCount "77"]
[EventDate "2018.02.15"]
[EventType "swiss"]
[EventRounds "7"]
[EventCountry "PAR"]
[SourceTitle "EXT 2023"]
[Source "ChessBase"]
[SourceDate "2022.10.05"]
[SourceVersion "1"]
[SourceVersionDate "2022.10.05"]
[SourceQuality "1"]

1. d4 Nf6 2. Bf4 g6 3. e3 Bg7 4. Nf3 d6 5. Be2 0-0 6. h3 Nbd7 7. 0-0 Qe8 8. c4 e5 9. Bh2 Ne4 10. Ne1 f5 11. Nc3 Nxc3 12. bxc3 Kh8 13. Nc2 a5 14. Rb1 b6 15. Bf3 Rb8 16. Bc6 Qe7 17. Re1 Bb7 18. Bxb7 Rxb7 19. Qf3 Rbb8 20. Qc6 Nf6 21. Na3 Qd7 22. Qb5 Rbc8 23. dxe5 dxe5 24. Bxe5 Qe7 25. Bxf6 Bxf6 26. Qb3 Qe5 27. Nb5 Rfe8 28. Rbd1 Red8 29. Nd4 Re8 30. Nb5 Rcd8 31. Rd5 Rxd5 32. cxd5 Rd8 33. c4 Be7 34. Nd4 Qf6 35. Ne6 Bb4 36. Rd1 Rd7 37. Qa4 Qe7 38. Qc6 Bd6 39. Qa8+ 1-0

[Event "Asuncion Clasificatorio op 6th"]
[Site "Asuncion"]
[Date "2017.07.23"]
[Round "?"]
[White "Gonzalez Galeano, Victor Rodolfo"]
[Black "Benitez Galeano, Alejandro"]
[Result "1-0"]
[WhiteElo "1701"]
[BlackElo "2076"]
[PlyCount "59"]
[EventDate "2017.07.21"]
[EventType "swiss"]
[EventRounds "7"]
[EventCountry "PAR"]
[SourceTitle "EXT 2023"]
[Source "ChessBase"]
[SourceDate "2022.10.05"]
[SourceVersion "1"]
[SourceVersionDate "2022.10.05"]
[SourceQuality "1"]

1. c4 Nf6 2. Nc3 g6 3. e4 d6 4. d4 Bg7 5. Nf3 0-0 6. Be2 Nbd7 7. 0-0 e5 8. dxe5 dxe5 9. Bg5 h6 10. Bh4 Re8 11. Qc2 c6 12. b4 Qc7 13. h3 Nh5 14. Rfd1 a5 15. b5 Nf4 16. Bf1 Nc5 17. Ne1 Nce6 18. Rac1 Nd4 19. Qb1 h5 20. Nc2 Bxh3 21. Nxd4 exd4 22. Ne2 Bg4 23. f3 Nxe2+ 24. Bxe2 Be6 25. c5 cxb5 26. Bxb5 Rec8 27. Bf2 Qe7 28. Bxd4 Bxd4+ 29. Rxd4 Rxc5 30. a4 1-0

[Event "Asuncion Clasificatorio op 6th"]
[Site "Asuncion"]
[Date "2017.07.23"]
[Round "?"]
[White "Gonzalez Galeano, Victor Rodolfo"]
[Black "Torres, Mauricio Jose"]
[Result "1/2-1/2"]
[WhiteElo "1701"]
[BlackElo "1827"]
[PlyCount "37"]
[EventDate "2017.07.21"]
[EventType "swiss"]
[EventRounds "7"]
[EventCountry "PAR"]
[SourceTitle "EXT 2023"]
[Source "ChessBase"]
[SourceDate "2022.10.05"]
[SourceVersion "1"]
[SourceVersionDate "2022.10.05"]
[SourceQuality "1"]

1. c4 Nf6 2. Nc3 g6 3. d4 Bg7 4. e4 d6 5. Nf3 0-0 6. Be2 Bg4 7. 0-0 Nbd7 8. Be3 e5 9. d5 Bxf3 10. Bxf3 Ne8 11. Be2 f5 12. f3 f4 13. Bf2 g5 14. b4 h5 15. c5 Qf6 16. a4 Qg6 17. h3 Ndf6 18. Qb1 g4 19. Kh1 1/2-1/2

[Event "Asuncion Mayor Clasif op"]
[Site "Asuncion"]
[Date "2016.02.26"]
[Round "1"]
[White "Almiron, Antonio"]
[Black "Gonzalez Galeano, Victor Rodolfo"]
[Result "1-0"]
[WhiteElo "2292"]
[BlackElo "1689"]
[PlyCount "29"]
[EventDate "2016.02.26"]
[EventType "swiss"]
[EventRounds "7"]
[EventCountry "PAR"]
[SourceTitle "CBM 171 Extra"]
[Source "ChessBase"]
[SourceDate "2016.04.26"]
[SourceVersion "1"]
[SourceVersionDate "2016.04.26"]
[SourceQuality "1"]

1. e4 e5 2. Nf3 Nc6 3. Bc4 Nf6 4. d3 Bc5 5. c3 d6 6. Bb3 Be6 7. 0-0 Qd7 8. Ba4 Bb6 9. d4 exd4 10. cxd4 d5 11. Ne5 Qd6 12. Nxc6 bxc6 13. e5 Qd7 14. exf6 gxf6 15. Qc2 1-0

[Event "Asuncion IRT op "]
[Site "Asuncion"]
[Date "2015.02.22"]
[Round "4"]
[White "Gonzalez Galeano, Victor Rodolfo"]
[Black "Lopez, Ivan"]
[Result "1-0"]
[WhiteElo "1715"]
[BlackElo "1449"]
[PlyCount "129"]
[EventDate "2015.02.20"]
[EventType "swiss"]
[EventRounds "9"]
[EventCountry "PAR"]
[SourceTitle "EXT 2017"]
[Source "ChessBase"]
[SourceDate "2016.10.25"]
[SourceVersion "1"]
[SourceVersionDate "2016.10.25"]
[SourceQuality "1"]

1. c4 d6 2. Nc3 g6 3. d4 Bg7 4. e4 c6 5. Nf3 Nf6 6. Be2 0-0 7. 0-0 Nbd7 8. Bg5 h6 9. Bh4 Nh5 10. Re1 Nf4 11. Bf1 g5 12. Bg3 Ng6 13. Qd2 e5 14. dxe5 dxe5 15. Rad1 g4 16. Nxe5 Ngxe5 17. Bxe5 Bxe5 18. Qxh6 Qf6 19. Qe3 Bf4 20. Qd3 Ne5 21. Qc2 Bxh2+ 22. Kxh2 Qh4+ 23. Kg1 Kg7 24. f4 Rh8 25. Bd3 g3 26. Kf1 Qh1+ 27. Ke2 Qxg2+ 28. Ke3 Qf3+ 29. Kd4 Qxf4 30. Kc5 Rh2 31. Re2 b6+ 32. Kb4 a5+ 33. Kb3 Bg4 34. Red2 Rd8 35. Rxh2 Nxd3 36. Rg2 Qd6 37. a3 Be6 38. Nd5 Nc5+ 39. Ka2 cxd5 40. exd5 Bh3 41. Qc3+ Kf8 42. Qh8+ Ke7 43. Qxh3 Rg8 44. Re1+ Kd8 45. Qh7 Qg6 46. Qxg6 Rxg6 47. Re3 a4 48. Rgxg3 Rh6 49. Rg8+ Kd7 50. Rg7 Rf6 51. Rg2 Rf1 52. Rge2 Nb3 53. Re1 Rf2 54. Rxb3 axb3+ 55. Kxb3 Kd6 56. Re3 Rf4 57. Kb4 Rf2 58. b3 f5 59. Re6+ Kc7 60. Kb5 f4 61. Rxb6 f3 62. Rf6 Rf1 63. c5 f2 64. b4 Kd7 65. d6 1-0

[Event "Asuncion IRT op "]
[Site "Asuncion"]
[Date "2015.02.21"]
[Round "3"]
[White "Ferreira, Jose Maria"]
[Black "Gonzalez Galeano, Victor Rodolfo"]
[Result "1/2-1/2"]
[WhiteElo "1436"]
[BlackElo "1715"]
[PlyCount "94"]
[EventDate "2015.02.20"]
[EventType "swiss"]
[EventRounds "9"]
[EventCountry "PAR"]
[SourceTitle "EXT 2017"]
[Source "ChessBase"]
[SourceDate "2016.10.25"]
[SourceVersion "1"]
[SourceVersionDate "2016.10.25"]
[SourceQuality "1"]

1. e4 e6 2. Qe2 c5 3. Nf3 Nc6 4. c3 d5 5. exd5 Qxd5 6. Qc4 Nf6 7. Qxd5 exd5 8. Bb5 Bd7 9. d3 Bd6 10. Bg5 Nh5 11. 0-0 0-0 12. Nbd2 Rfe8 13. Rfe1 a6 14. Ba4 h6 15. Bh4 Bf5 16. d4 b5 17. Bb3 c4 18. Bd1 g6 19. Kf1 Bd3+ 20. Be2 Bxe2+ 21. Rxe2 Rxe2 22. Kxe2 Nf4+ 23. Kf1 Nd3 24. b3 f5 25. Bf6 Kf7 26. Be5 Bxe5 27. dxe5 Re8 28. a4 bxa4 29. bxc4 dxc4 30. Nxc4 Ke6 31. Rxa4 Nc5 32. Ra1 Rd8 33. Ke2 g5 34. h3 g4 35. hxg4 fxg4 36. Nh2 h5 37. f4 Ne4 38. Rxa6 Nxc3+ 39. Kf2 Kd5 40. Ne3+ Kc5 41. Nhf1 Ne4+ 42. Kg1 g3 43. Ra1 Nd4 44. Rc1+ Kb5 45. Rb1+ Kc5 46. Rc1+ Kb5 47. Rb1+ Kc5 1/2-1/2

[Event "Asuncion IRT op "]
[Site "Asuncion"]
[Date "2015.02.21"]
[Round "2"]
[White "Gonzalez Galeano, Victor Rodolfo"]
[Black "Valiente, Cristobal"]
[Result "0-1"]
[WhiteElo "1715"]
[BlackElo "2227"]
[PlyCount "56"]
[EventDate "2015.02.20"]
[EventType "swiss"]
[EventRounds "9"]
[EventCountry "PAR"]
[SourceTitle "EXT 2017"]
[Source "ChessBase"]
[SourceDate "2016.10.25"]
[SourceVersion "1"]
[SourceVersionDate "2016.10.25"]
[SourceQuality "1"]

1. c4 e5 2. e4 Nc6 3. Nf3 g6 4. g3 Bg7 5. Bg2 d6 6. 0-0 Nge7 7. Nc3 0-0 8. d3 h6 9. Be3 Kh7 10. Rb1 Be6 11. b4 Qd7 12. Qd2 f5 13. b5 Nd8 14. Nd5 Nc8 15. a4 c6 16. Nb4 Ne7 17. Nh4 fxe4 18. dxe4 Bxc4 19. Rfd1 Nf7 20. Qc3 cxb5 21. axb5 Bxb5 22. Nd5 Nxd5 23. exd5 Rac8 24. Qb3 Ba4 25. Qa2 Bxd1 26. Rxd1 Ng5 27. f4 exf4 28. Bxf4 Rxf4 0-1